Päťdesiatročná Okrasa

Bibliographic Details
Main Author: Ostružiarová, Anna (Author)
Format: Article
Language:Slovak
ISSN:1336-2224
Subjects:

MARC

LEADER 00000nab a2200000 a 4500
001 vtls001496642
003 SK-MaSNL
005 20260303075525.0
008 050222c2004 xo mr|p|||||||000 b|slo
015 |a SNKBUCL2005/02 
038 |a SNKBUCL 
040 |a SNKBUCL  |b slo  |c SNKBUCL  |e AACR2 
041 0 |a slo 
044 |a xo  |c SK 
080 |a 334.734:666.189.1  |x (437.6)  |2 UDC-MRF-SK2 
080 |a 666.189.1  |x (437.6)  |2 UDC-MRF-SK2 
100 1 |a Ostružiarová, Anna  |4 aut  |9 891185 
245 1 0 |a Päťdesiatročná Okrasa  |c Anna Ostružiarová 
610 2 7 |a Okrasa (Čadca, Slovensko)  |2 snkbucl  |9 842526 
651 7 |a Čadca (Slovensko)  |2 snkbucl  |9 28627 
773 0 |t Výrobné družstevníctvo  |g Roč. 50., č. 7 (2004), s. 7-8  |x 1336-2224 
852 |a SNK  |b KIS3GCP 
999 |c 1776145  |d 1778075